[Event "LSV Turm Lippstadt 1 - SV Hattingen 1"]
[Site "NRW-Klasse, Gruppe 1 2012/201"]
[Date "2013.02.17"]
[Round "6.4"]
[White "Tran, Duc Cuong"]
[Black "Schleining, Zoya"]
[Result "0-1"]
[WhiteElo "2055"]
[BlackElo "2325"]
[Annotator "Doe,John"]
[PlyCount "68"]
[EventDate "2013.??.??"]
[WhiteTeam "LSV Turm Lippstadt 1"]
[BlackTeam "SV Hattingen 1"]

1. d4 Nf6 2. c4 g6 3. Nc3 Bg7 4. e4 O-O 5. Be3 d6 6. h3 e5 7. d5 Na6 8. Nf3 Nc5
9. Qc2 a5 10. Be2 Ne8 11. g4 Bd7 12. O-O-O a4 13. Nd2 a3 14. b3 f5 15. gxf5
gxf5 16. Rdg1 $11 f4 17. Bxc5 dxc5 18. Bg4 f3 19. Qd3 Kh8 20. Kb1 Ra6 21. Nd1
Raf6 22. Ne3 Nd6 23. Ndf1 b5 24. Bxd7 bxc4 25. Nxc4 Qxd7 26. Nxd6 cxd6 27. Ne3
Rg6 28. Nf5 c4 29. Qxf3 cxb3 30. axb3 a2+ 31. Kxa2 Qa7+ 32. Kb2 Rxg1 33. Rxg1
Ra8 34. Ne3 Qd4+ 0-1

[Event "LSV Turm Lippstadt 1 - SV Hattingen 1"]
[Site "NRW-Klasse, Gruppe 1 2012/201"]
[Date "2013.02.17"]
[Round "6.5"]
[White "Jonker, Marc"]
[Black "Roemhild, Marcus"]
[Result "1-0"]
[WhiteElo "2254"]
[BlackElo "2016"]
[PlyCount "61"]
[EventDate "2013.??.??"]
[WhiteTeam "SV Hattingen 1"]
[BlackTeam "LSV Turm Lippstadt 1"]

1. e4 c5 2. Nf3 g6 3. c3 Bg7 4. d4 cxd4 5. cxd4 d5 6. exd5 Nf6 7. Bb5+ Nbd7 8.
d6 exd6 9. Qe2+ Kf8 10. O-O h6 11. Nc3 Nb6 12. Bf4 Kg8 13. Rfe1 Be6 14. Bd3
Nbd5 15. Bg3 Nh5 16. Be4 Nxg3 17. hxg3 Nxc3 18. bxc3 Rc8 19. Bxg6 Rxc3 20. Qd2
Rc7 21. Bc2 Bf6 22. Bb3 Bc4 23. Re4 h5 24. Rae1 Kg7 25. Qf4 Bxb3 26. axb3 Rc3
27. g4 hxg4 28. Qxg4+ Kf8 29. Qf4 Rxb3 30. g4 Qd7 31. Qxf6 1-0

[Event "LSV Turm Lippstadt 1 - SV Hattingen 1"]
[Site "NRW-Klasse, Gruppe 1 2012/201"]
[Date "2013.02.17"]
[Round "6.6"]
[White "Grobbel, Rainer"]
[Black "Huette, Stefan"]
[Result "1-0"]
[WhiteElo "2068"]
[BlackElo "2013"]
[PlyCount "103"]
[EventDate "2013.??.??"]
[WhiteTeam "LSV Turm Lippstadt 1"]
[BlackTeam "SV Hattingen 1"]

1. d4 d5 2. c4 Bf5 3. cxd5 Bxb1 4. Qa4+ c6 5. Rxb1 Qxd5 6. Nf3 Nd7 7. a3 Ngf6
8. e3 e6 9. b4 Be7 10. Qc2 O-O 11. Bc4 Qh5 12. O-O Bd6 13. Be2 Qg6 14. Bd3 Qh5
15. Be2 Qg6 16. Bd3 Qh5 17. Rb3 e5 18. dxe5 Nxe5 19. Nxe5 Bxe5 20. f4 Bc7 21.
Rf3 h6 22. Bb2 Bd8 23. Bf5 g6 24. e4 Qh4 25. Rf1 Ng4 26. Bxg4 Qxg4 27. Qc3 f6
28. Qc4+ Kg7 29. Rg3 Qd7 30. Rd3 Bb6+ 31. Kh1 Qf7 32. Qxf7+ Rxf7 33. e5 fxe5
34. Bxe5+ Kh7 35. Rfd1 Re8 36. g3 a5 37. Kg2 axb4 38. axb4 g5 39. Rd7 Ree7 40.
Rxe7 Rxe7 41. Kf3 c5 42. b5 gxf4 43. gxf4 Ba5 44. Rd5 Bb4 45. Bd6 Rd7 46. Ke4
b6 47. Ke5 Ra7 48. Ke6 Ra2 49. Be5 Rc2 50. f5 h5 51. Rd8 Kh6 52. h4 1-0

[Event "LSV Turm Lippstadt 1 - SV Hattingen 1"]
[Site "NRW-Klasse, Gruppe 1 2012/201"]
[Date "2013.02.17"]
[Round "6.7"]
[White "Marx, Henning"]
[Black "Wagner, Alexej"]
[Result "1/2-1/2"]
[WhiteElo "1910"]
[BlackElo "2102"]
[PlyCount "45"]
[EventDate "2013.??.??"]
[WhiteTeam "SV Hattingen 1"]
[BlackTeam "LSV Turm Lippstadt 1"]

1. d4 d5 2. Nf3 Nf6 3. Bg5 c5 4. Bxf6 exf6 5. c3 Nc6 6. e3 Qb6 7. Qb3 c4 8.
Qxb6 axb6 9. Nbd2 f5 10. a3 Bd6 11. g3 O-O 12. Bg2 g6 13. O-O Re8 14. Ne1 Be6
15. Nc2 f6 16. Nxc4 dxc4 17. d5 Bd7 18. dxc6 Bxc6 19. Bxc6 bxc6 20. Rfd1 Bc5
21. Rd7 Re7 22. Rad1 Kf7 23. Kf1 1/2-1/2

[Event "Bielefelder SK 1 - SV Castrop-Rauxel 1"]
[Site "NRW-Klasse, Gruppe 1 2012/201"]
[Date "2013.02.17"]
[Round "6.1"]
[White "Afek, Yochanan"]
[Black "Malcher, Werner"]
[Result "0-1"]
[WhiteElo "2294"]
[BlackElo "2329"]
[PlyCount "146"]
[EventDate "2013.??.??"]
[WhiteTeam "SV Castrop-Rauxel 1"]
[BlackTeam "Bielefelder SK 1"]

1. e4 c5 2. c3 Nf6 3. e5 Nd5 4. Nf3 Nc6 5. Bc4 Nb6 6. Bb3 d6 7. exd6 Qxd6 8. d4
cxd4 9. cxd4 Be6 10. O-O Bxb3 11. Qxb3 e6 12. Nc3 Be7 13. Nb5 Qd8 14. Bf4 Rc8
15. Ne5 Nd5 16. Bg3 a6 17. Nc3 Nxc3 18. bxc3 Na5 19. Qb2 O-O 20. f4 g6 21. Rf3
Qd5 22. Qf2 b5 23. Bh4 Bxh4 24. Qxh4 Rxc3 25. Rd1 Rxf3 26. Nxf3 f6 27. h3 Nc4
28. Re1 Nd6 29. Qf2 a5 30. Rc1 Rc8 31. Rxc8+ Nxc8 32. Qc2 Qc4 33. Qe4 Qxa2 34.
Qc6 Qc4 35. Qe8+ Kg7 36. Qd7+ Kf8 37. Qd8+ Kf7 38. Qxa5 b4 39. Qa1 Ne7 40. Kh2
Qc2 41. Qe1 b3 42. d5 Nxd5 43. Nd4 Qc8 44. Nxb3 Qc4 45. Nd2 Qxf4+ 46. Kh1 Qe3
47. Qd1 Qd3 48. Qc1 Qc3 49. Qe1 Ne3 50. Kg1 Nc4 51. Nf3 Qxe1+ 52. Nxe1 h5 53.
Nd3 e5 54. Nc5 Nd6 55. Kf2 h4 56. Na6 Ke6 57. Nc7+ Kf5 58. Nd5 Kg5 59. Ke2 Nf5
60. Nc7 Nd4+ 61. Kf2 f5 62. Nd5 Ne6 63. Nb4 Nf4 64. Nc6 Kf6 65. Nb8 Ke6 66. Kf3
Kd6 67. Na6 g5 68. Nb4 Nd5 69. Nc2 Kc5 70. Ne1 e4+ 71. Kf2 f4 72. Nc2 Kc4 73.
Ke2 Ne3 0-1

[Event "Bielefelder SK 1 - SV Castrop-Rauxel 1"]
[Site "NRW-Klasse, Gruppe 1 2012/201"]
[Date "2013.02.17"]
[Round "6.2"]
[White "Forchert, Martin"]
[Black "Kusnetsov, Mark"]
[Result "1-0"]
[WhiteElo "2224"]
[BlackElo "2202"]
[PlyCount "115"]
[EventDate "2013.??.??"]
[WhiteTeam "Bielefelder SK 1"]
[BlackTeam "SV Castrop-Rauxel 1"]

1. e4 e5 2. Nf3 Nc6 3. Bb5 a6 4. Bxc6 dxc6 5. O-O Bd6 6. d4 Bg4 7. dxe5 Bxf3 8.
Qxf3 Bxe5 9. Nd2 Qh4 10. h3 Qf6 11. Qxf6 Bxf6 12. Nf3 O-O-O 13. Re1 a5 14. a4
b6 15. Kf1 Kb7 16. c3 h6 17. Bf4 g5 18. Be5 Re8 19. Bg3 Ne7 20. Rad1 Rd8 21.
Ne5 Bxe5 22. Bxe5 Rhe8 23. f3 Rxd1 24. Rxd1 Nf5 25. Bd4 Nxd4 26. Rxd4 Re7 27.
Kf2 b5 28. Ke3 Kb6 29. Kd3 Re6 30. g3 Rf6 31. Ke3 c5 32. Rd8 bxa4 33. e5 Re6
34. f4 Kb7 35. Ke4 gxf4 36. gxf4 Rg6 37. f5 Rg2 38. Kf3 Rg5 39. Kf4 Rg2 40. e6
fxe6 41. fxe6 Re2 42. Kf5 Kc6 43. c4 Rf2+ 44. Kg6 Re2 45. Kf7 Rf2+ 46. Ke8 Rxb2
47. e7 a3 48. Kf7 Re2 49. e8=Q+ Rxe8 50. Rxe8 a2 51. Re1 a4 52. Ke6 Kb6 53. Kd5
a3 54. Ra1 Ka5 55. Kxc5 Ka4 56. Rxa2 Kb3 57. Ra1 a2 58. Kc6 1-0

[Event "Bielefelder SK 1 - SV Castrop-Rauxel 1"]
[Site "NRW-Klasse, Gruppe 1 2012/201"]
[Date "2013.02.17"]
[Round "6.3"]
[White "Kartsev, Alexandr"]
[Black "Gruen, Gerd-Peter"]
[Result "1-0"]
[WhiteElo "2150"]
[BlackElo "2297"]
[Annotator "Doe,John"]
[PlyCount "141"]
[EventDate "2013.??.??"]
[WhiteTeam "SV Castrop-Rauxel 1"]
[BlackTeam "Bielefelder SK 1"]

1. e4 e5 2. Nf3 Nc6 3. Bb5 Nf6 4. O-O Nxe4 5. Re1 Nd6 6. Nxe5 Be7 7. Bf1 Nxe5
8. Rxe5 O-O 9. d4 Ne8 10. c3 d5 11. Nd2 Bd6 12. Re1 Nf6 13. Bd3 Re8 14. Nf1
Rxe1 15. Qxe1 Qe7 16. Bg5 Qxe1 17. Rxe1 Be6 18. Ne3 Ng4 19. Nxg4 Bxg4 20. h3
Be6 21. Bd2 a5 22. f4 b6 23. Kf2 c5 24. g4 c4 25. Bc2 b5 26. f5 $11 Bd7 27. Kf3
f6 28. Bf4 Bf8 29. h4 h6 30. g5 hxg5 31. hxg5 b4 32. Rg1 Kf7 33. gxf6 gxf6 34.
Rh1 Bg7 35. Bd6 Ra7 36. Kg4 Rb7 37. cxb4 axb4 38. b3 Ra7 39. bxc4 Rxa2 40. Bb3
Rg2+ 41. Kf4 Rf2+ 42. Ke3 Rb2 43. Bd1 dxc4 44. Bh5+ Kg8 45. Bg6 Bf8 46. Bxf8
Kxf8 47. Rh7 Ba4 48. Rf7+ Kg8 49. Ra7 c3 50. Rxa4 c2 51. Ra8+ Kg7 52. Ra7+ Kf8
53. Rf7+ Ke8 54. Rh7+ Kd8 55. Kd2 b3 56. Rh1 Rb1 57. Rc1 b2 58. Rxc2 Rd1+ 59.
Kxd1 b1=Q+ 60. Kd2 Ke7 61. Kc3 Kd6 62. Re2 Qd1 63. Re3 Qc1+ 64. Kd3 Qb1+ 65.
Kc3 Qa1+ 66. Kd3 Qb1+ 67. Kc3 Qb7 68. Re6+ Kd5 69. Be8 Qd7 70. Re5+ fxe5 71.
Bxd7 1-0

[Event "Bielefelder SK 1 - SV Castrop-Rauxel 1"]
[Site "NRW-Klasse, Gruppe 1 2012/201"]
[Date "2013.02.17"]
[Round "6.4"]
[White "Goeßling, Guido"]
[Black "Kartsev, Soel"]
[Result "0-1"]
[WhiteElo "2144"]
[BlackElo "2167"]
[PlyCount "70"]
[EventDate "2013.??.??"]
[WhiteTeam "Bielefelder SK 1"]
[BlackTeam "SV Castrop-Rauxel 1"]

1. e4 c6 2. d4 d5 3. Nc3 dxe4 4. Nxe4 Bf5 5. Ng3 Bg6 6. h4 h6 7. Nf3 Nd7 8. h5
Bh7 9. Bd3 Bxd3 10. Qxd3 e6 11. Bd2 Ngf6 12. O-O-O Be7 13. Qe2 O-O 14. Ne5 c5
15. dxc5 Nxc5 16. Kb1 Qb6 17. Be3 Rac8 18. c4 Qc7 19. Bd4 Ncd7 20. Ng6 fxg6 21.
Qxe6+ Kh8 22. Qxe7 Qxc4 23. hxg6 Qc2+ 24. Ka1 Qxg6 25. Bxa7 b6 26. Rxd7 Nxd7
27. Qxd7 Qc2 28. Rb1 Rc7 29. Qd6 Rfc8 30. a3 Rxa7 31. Qxb6 Rca8 32. Qd6 Qb3 33.
Rf1 Rb7 34. Rb1 Rb4 35. Qd2 Rxa3+ 0-1

[Event "Bielefelder SK 1 - SV Castrop-Rauxel 1"]
[Site "NRW-Klasse, Gruppe 1 2012/201"]
[Date "2013.02.17"]
[Round "6.5"]
[White "Sokalsky, Alexander"]
[Black "Wagenknecht, Uwe"]
[Result "1-0"]
[WhiteElo "2218"]
[BlackElo "2175"]
[Annotator "Doe,John"]
[PlyCount "139"]
[EventDate "2013.??.??"]
[WhiteTeam "SV Castrop-Rauxel 1"]
[BlackTeam "Bielefelder SK 1"]

1. d4 Nf6 2. Nf3 g6 3. g3 Bg7 4. Bg2 O-O 5. O-O d6 6. c4 c6 7. Nc3 Qa5 8. e3
Be6 9. Nd2 Qa6 10. b3 d5 11. Qe2 c5 12. Nb5 Rc8 13. a4 Nc6 14. Bb2 cxd4 15.
exd4 Qa5 16. c5 Nd7 17. Nf3 Qd8 18. h3 a6 19. Na3 Bf5 20. Rad1 Be4 21. Nb1 b6
22. Nbd2 Bxf3 23. Nxf3 bxc5 24. dxc5 Nxc5 25. Bxg7 Kxg7 26. Ng5 e6 27. Qe3 Nd7
28. Bxd5 exd5 29. Rxd5 Rc7 30. Rfd1 Raa7 31. Rd6 Qe7 32. Ne6+ fxe6 33. Rxe6 Qf7
34. Rxc6 Rxc6 35. Qxa7 Nf6 36. Qa8 Qc7 37. Kg2 Rb6 38. Rd3 Qc6+ 39. Qxc6 Rxc6
40. f4 Kf7 41. g4 Ke6 42. Kf3 Rb6 43. Re3+ Kd6 44. f5 g5 45. Re6+ Kc7 46. Re7+
Kd8 47. Re3 Kd7 48. Rd3+ Rd6 49. Rc3 Nd5 50. Rc4 Nf4 51. h4 h6 52. Ke4 Rd3 53.
hxg5 hxg5 54. Ke5 Rxb3 55. Kf6 Nh3 56. Kg7 Rf3 57. Rd4+ Kc6 58. Re4 Nf4 59. Kh6
Kd5 60. Re8 Nh3 61. Kg6 Rf4 62. f6 Rxg4 63. f7 Rf4 64. f8=Q Rxf8 65. Rxf8 Kc5
66. Rb8 g4 67. Kf5 g3 68. Rg8 Nf2 69. Rxg3 Kb4 70. Rg2 {ZÜ} 1-0

[Event "Bielefelder SK 1 - SV Castrop-Rauxel 1"]
[Site "NRW-Klasse, Gruppe 1 2012/201"]
[Date "2013.02.17"]
[Round "6.6"]
[White "Simon, Hans Christian"]
[Black "Kaeding, Rainer"]
[Result "1/2-1/2"]
[WhiteElo "2129"]
[BlackElo "2101"]
[PlyCount "59"]
[EventDate "2013.??.??"]
[WhiteTeam "Bielefelder SK 1"]
[BlackTeam "SV Castrop-Rauxel 1"]

1. Nf3 d5 2. g3 c6 3. Bg2 Bf5 4. O-O h6 5. b3 Nf6 6. Ba3 Nbd7 7. c4 e6 8. Bxf8
Nxf8 9. d3 N8d7 10. Nbd2 O-O 11. b4 Qe7 12. Qb3 e5 13. cxd5 cxd5 14. Rac1 Rfc8
15. Qa4 Rxc1 16. Rxc1 Nb6 17. Qb5 Rc8 18. Rc5 Re8 19. Qa5 Qd6 20. Qxa7 Nfd7 21.
Rc1 Qxb4 22. Rb1 Qc5 23. e4 dxe4 24. Nxe4 Bxe4 25. dxe4 Ra8 26. Qxb7 Rxa2 27.
Rf1 Qd6 28. Rb1 Qc5 29. Rf1 Qd6 30. Rb1 1/2-1/2

[Event "Bielefelder SK 1 - SV Castrop-Rauxel 1"]
[Site "NRW-Klasse, Gruppe 1 2012/201"]
[Date "2013.02.17"]
[Round "6.7"]
[White "Boehnke, Martin"]
[Black "Gruettemeier, Uwe"]
[Result "1/2-1/2"]
[WhiteElo "2100"]
[BlackElo "2074"]
[PlyCount "113"]
[EventDate "2013.??.??"]
[WhiteTeam "SV Castrop-Rauxel 1"]
[BlackTeam "Bielefelder SK 1"]

1. d4 c6 2. c4 g6 3. Nc3 Bg7 4. e4 d6 5. Be3 Nf6 6. f3 O-O 7. Qd2 a6 8. a4 a5
9. Nge2 Na6 10. Nc1 Nb4 11. Nd3 Qc7 12. Be2 e5 13. d5 Nd7 14. O-O Nxd3 15. Bxd3
Nc5 16. Bc2 Na6 17. Rad1 Nb4 18. c5 cxd5 19. Nxd5 Nxd5 20. Qxd5 dxc5 21. Qxc5
Qxc5 22. Bxc5 Re8 23. Bb3 Bf8 24. Be3 Be6 25. Bxe6 Rxe6 26. Rd7 b6 27. Rc1 Bd6
28. Bxb6 Bb4 29. Be3 Re7 30. Rd5 Kg7 31. Rc6 h6 32. Bc5 Rb7 33. Rxe5 Bxc5+ 34.
Rcxc5 Rxb2 35. Rxa5 Rd8 36. Red5 Rc8 37. Rac5 Ra8 38. Rc4 Ra2 39. Rdc5 Rd8 40.
Rc2 Rxa4 41. Rc7 Rad4 42. Kf2 h5 43. h4 R8d7 44. Ke3 Rd3+ 45. Kf4 Rd2 46. g3
R2d3 47. R2c5 R7d6 48. R5c6 Rxc6 49. Rxc6 Rd7 50. e5 Rd4+ 51. Ke3 Ra4 52. Rd6
Rb4 53. Rd4 Rb3+ 54. Ke4 Ra3 55. Rd7 Ra4+ 56. Kd5 Ra5+ 57. Ke4 1/2-1/2

[Event "Bielefelder SK 1 - SV Castrop-Rauxel 1"]
[Site "NRW-Klasse, Gruppe 1 2012/201"]
[Date "2013.02.17"]
[Round "6.8"]
[White "Danielmeier, Ralf"]
[Black "Hille, Ralph Ingo"]
[Result "1/2-1/2"]
[WhiteElo "2081"]
[BlackElo "2090"]
[PlyCount "34"]
[EventDate "2013.??.??"]
[WhiteTeam "Bielefelder SK 1"]
[BlackTeam "SV Castrop-Rauxel 1"]

1. g3 d5 2. Bg2 Nf6 3. Nf3 g6 4. O-O Bg7 5. d4 O-O 6. c4 c6 7. cxd5 cxd5 8. Nc3
e6 9. Ne5 Nfd7 10. Nxd7 Bxd7 11. b3 Qa5 12. Bd2 Qb6 13. e3 a5 14. Qe2 Bc6 15.
Rfc1 Nd7 16. Na4 Qa7 17. Bc3 Rfc8 1/2-1/2

[Event "Langenfelder SF 1 - SK Münster 2"]
[Site "NRW-Klasse, Gruppe 1 2012/201"]
[Date "2013.02.17"]
[Round "6.1"]
[White "Rehfeldt, Frank"]
[Black "Weber, Peter"]
[Result "1/2-1/2"]
[WhiteElo "2142"]
[BlackElo "2189"]
[PlyCount "50"]
[EventDate "2013.??.??"]
[WhiteTeam "SK Münster 2"]
[BlackTeam "Langenfelder SF 1"]

1. e4 e5 2. Nf3 Nc6 3. Bc4 Be7 4. O-O Nf6 5. Nc3 d6 6. h3 Na5 7. Be2 c5 8. d3
h6 9. Nh2 g5 10. Ng4 Nc6 11. Be3 Nd4 12. Nxf6+ Bxf6 13. Bg4 Ne6 14. g3 Nc7 15.
Bxc8 Qxc8 16. Qg4 Qe6 17. a4 a6 18. Rfb1 a5 19. Ra3 h5 20. Qxe6+ fxe6 21. Rb3
O-O-O 22. Nb5 Na6 23. Na7+ Kc7 24. Nb5+ Kc6 25. Na7+ Kc7 1/2-1/2

[Event "Langenfelder SF 1 - SK Münster 2"]
[Site "NRW-Klasse, Gruppe 1 2012/201"]
[Date "2013.02.17"]
[Round "6.2"]
[White "Schoenthier, Frank"]
[Black "Virnyi, Julius"]
[Result "1-0"]
[WhiteElo "2262"]
[BlackElo "2056"]
[PlyCount "65"]
[EventDate "2013.??.??"]
[WhiteTeam "Langenfelder SF 1"]
[BlackTeam "SK Münster 2"]

1. e4 c5 2. Nf3 d6 3. Bb5+ Bd7 4. Bxd7+ Qxd7 5. O-O Nc6 6. c3 Nf6 7. d4 cxd4 8.
cxd4 Nxe4 9. d5 Ne5 10. Re1 Nf6 11. Nxe5 dxe5 12. Rxe5 e6 13. Nc3 Bd6 14. dxe6
fxe6 15. Re1 O-O 16. Bg5 Qc7 17. g3 Be5 18. Rc1 Bxc3 19. Rxc3 Qb6 20. Qe2 Rae8
21. Be3 Qa5 22. Ra3 Qb4 23. Rb3 Qa4 24. Rxb7 Qxa2 25. Rxa7 Qb3 26. Bd4 e5 27.
Bxe5 Qb6 28. Qe3 Rxe5 29. Qxb6 Rxe1+ 30. Kg2 Re2 31. Qb7 Ne8 32. Qd5+ Kh8 33.
Rf7 1-0

[Event "Langenfelder SF 1 - SK Münster 2"]
[Site "NRW-Klasse, Gruppe 1 2012/201"]
[Date "2013.02.17"]
[Round "6.3"]
[White "Kubo, Thomas"]
[Black "Rechmann, Peter"]
[Result "0-1"]
[WhiteElo "2008"]
[BlackElo "2255"]
[PlyCount "44"]
[EventDate "2013.??.??"]
[WhiteTeam "SK Münster 2"]
[BlackTeam "Langenfelder SF 1"]

1. Nf3 Nf6 2. g3 d5 3. c4 dxc4 4. Qa4+ Nbd7 5. Qxc4 a6 6. Bg2 e6 7. d4 b5 8.
Qc2 Bb7 9. Bg5 c5 10. O-O Qb6 11. Bxf6 Nxf6 12. dxc5 Bxc5 13. Ne1 Rc8 14. Nc3
Bd4 15. Bxb7 Qxb7 16. Qb3 Bxc3 17. bxc3 Ne4 18. Nf3 Nxc3 19. Qb2 O-O 20. Rac1
b4 21. Rc2 Qe4 22. Re1 Na4 0-1

[Event "Langenfelder SF 1 - SK Münster 2"]
[Site "NRW-Klasse, Gruppe 1 2012/201"]
[Date "2013.02.17"]
[Round "6.4"]
[White "Homuth, Wolfgang"]
[Black "Kammers, Heribert"]
[Result "1/2-1/2"]
[WhiteElo "2197"]
[BlackElo "2089"]
[PlyCount "106"]
[EventDate "2013.??.??"]
[WhiteTeam "Langenfelder SF 1"]
[BlackTeam "SK Münster 2"]

1. e4 e6 2. d4 d5 3. Nd2 Nf6 4. e5 Nfd7 5. f4 c5 6. c3 b6 7. Ndf3 Ba6 8. Bxa6
Nxa6 9. f5 Nc7 10. fxe6 Nxe6 11. Ne2 Be7 12. O-O O-O 13. Qa4 Qc8 14. Nf4 Qb7
15. Be3 b5 16. Qb3 Nxf4 17. Bxf4 Qc6 18. Rae1 cxd4 19. Nxd4 Bc5 20. Be3 Bxd4
21. cxd4 Qc4 22. Qa3 b4 23. Qa5 Nb6 24. b3 Qc3 25. a3 Qxb3 26. Qxb4 Qxb4 27.
axb4 Nc4 28. Bg5 a5 29. bxa5 Rxa5 30. Ra1 Rxa1 31. Rxa1 f6 32. exf6 gxf6 33.
Bh6 Re8 34. Ra7 Nd6 35. Rg7+ Kh8 36. g4 Rg8 37. Rxg8+ Kxg8 38. Kg2 f5 39. Kf3
fxg4+ 40. Kxg4 Kf7 41. Kf4 Ke6 42. Bg7 Nf5 43. Be5 Ne7 44. Kg5 Ng6 45. Bg3 Ne7
46. h4 Nc6 47. Bf2 Ne7 48. Kh6 Kf5 49. Kxh7 Kg4 50. Kg7 Nf5+ 51. Kg6 Nxd4 52.
h5 Nf5 53. h6 Nxh6 1/2-1/2

[Event "Langenfelder SF 1 - SK Münster 2"]
[Site "NRW-Klasse, Gruppe 1 2012/201"]
[Date "2013.02.17"]
[Round "6.5"]
[White "Kaufhold, Thomas"]
[Black "Reinemer, Frank"]
[Result "1-0"]
[WhiteElo "2015"]
[BlackElo "2169"]
[PlyCount "75"]
[EventDate "2013.??.??"]
[WhiteTeam "SK Münster 2"]
[BlackTeam "Langenfelder SF 1"]

1. d4 c5 2. d5 e5 3. e4 d6 4. c4 g6 5. Nc3 Bg7 6. Bd3 Ne7 7. g4 Nd7 8. Be3 a6
9. Qa4 O-O 10. f3 b5 11. cxb5 Nb6 12. Qc2 axb5 13. Bxb5 f5 14. gxf5 gxf5 15.
O-O-O f4 16. Bf2 Bd7 17. Kb1 Bxb5 18. Nxb5 Ra5 19. Nc3 Qa8 20. Nge2 Rb8 21. Ka1
Rb7 22. Rb1 Rba7 23. Nc1 Kh8 24. b4 Ra3 25. bxc5 Nbxd5 26. Nb5 Rxf3 27. cxd6
Ra5 28. Rd1 Rxf2 29. Qxf2 Ne3 30. dxe7 Nxd1 31. Qd2 Bf6 32. Qxa5 Qxa5 33. e8=Q+
Kg7 34. Qd7+ Kh6 35. Qxd1 Be7 36. Qb3 Bc5 37. Qe6+ Kg7 38. Qxe5+ 1-0

[Event "Langenfelder SF 1 - SK Münster 2"]
[Site "NRW-Klasse, Gruppe 1 2012/201"]
[Date "2013.02.17"]
[Round "6.6"]
[White "Huelsmann, Josef"]
[Black "Niermann, Rainer"]
[Result "0-1"]
[WhiteElo "2128"]
[BlackElo "2020"]
[PlyCount "76"]
[EventDate "2013.??.??"]
[WhiteTeam "Langenfelder SF 1"]
[BlackTeam "SK Münster 2"]

1. d4 Nf6 2. Bg5 e6 3. e4 h6 4. Bxf6 Qxf6 5. c3 c5 6. e5 Qd8 7. Bd3 cxd4 8. Nf3
Nc6 9. O-O Qb6 10. Qe2 d5 11. cxd4 Bd7 12. Rd1 a6 13. Nc3 Be7 14. Rac1 Bg5 15.
Nxg5 hxg5 16. Bb1 Rh4 17. Qe3 Rxd4 18. Rd2 Rb4 19. Qxg5 Rxb2 20. Qxg7 Rxd2 21.
Qg8+ Ke7 22. Qg5+ Ke8 23. Qg8+ Ke7 24. Qg5+ Ke8 25. Qxd2 Rc8 26. Na4 Qb5 27.
Nb2 Nxe5 28. Rxc8+ Bxc8 29. h4 Nc4 30. Qg5 Qxb2 31. Qg8+ Ke7 32. Bd3 Bd7 33. h5
Qc1+ 34. Bf1 Nd6 35. Kh2 Nf5 36. Bd3 Qf4+ 37. Kg1 Nh6 38. Qh7 Ng4 0-1

[Event "Langenfelder SF 1 - SK Münster 2"]
[Site "NRW-Klasse, Gruppe 1 2012/201"]
[Date "2013.02.17"]
[Round "6.7"]
[White "Simons, Dirk"]
[Black "Deppe, Arne"]
[Result "1-0"]
[WhiteElo "1876"]
[BlackElo "2113"]
[PlyCount "49"]
[EventDate "2013.??.??"]
[WhiteTeam "SK Münster 2"]
[BlackTeam "Langenfelder SF 1"]

1. e4 e5 2. Bc4 Nf6 3. d3 Bc5 4. Nf3 d6 5. O-O O-O 6. Bg5 h6 7. Be3 Bb6 8. c3
Nc6 9. Nbd2 Qe7 10. Bb3 Na5 11. Bc2 c5 12. h3 d5 13. exd5 Nxd5 14. Re1 Bc7 15.
d4 Nxe3 16. Rxe3 cxd4 17. cxd4 Qb4 18. a3 Qxb2 19. Nc4 Qb5 20. Ncxe5 Bb6 21.
Rb1 Qd5 22. Qd3 f5 23. Ng6 Qf7 24. Nxf8 Kxf8 25. Rbe1 1-0

[Event "Langenfelder SF 1 - SK Münster 2"]
[Site "NRW-Klasse, Gruppe 1 2012/201"]
[Date "2013.02.17"]
[Round "6.8"]
[White "Weber, Franz-Josef"]
[Black "Freise, Eckhard"]
[Result "1-0"]
[WhiteElo "1989"]
[BlackElo "1881"]
[PlyCount "63"]
[EventDate "2013.??.??"]
[WhiteTeam "Langenfelder SF 1"]
[BlackTeam "SK Münster 2"]

1. e4 e5 2. Nf3 Nc6 3. Bb5 f5 4. d3 fxe4 5. dxe4 Nf6 6. O-O Bc5 7. Bxc6 bxc6 8.
Nxe5 O-O 9. Bg5 Qe8 10. Bxf6 Rxf6 11. Nd3 Bb6 12. a4 a5 13. Nd2 Ba6 14. Qe2 Qf7
15. Rac1 d5 16. e5 Re8 17. Nf3 Rf4 18. b3 Qf5 19. Qd2 Rxf3 20. gxf3 Qxf3 21.
Qg5 Bd4 22. Qg3 Qf5 23. Kh1 Bxe5 24. f4 Bc3 25. Qf3 Bd4 26. Rce1 Re4 27. Re2 g6
28. Rg2 Re3 29. Qg4 Qe4 30. f5 Bxd3 31. cxd3 Qxd3 32. Rd1 1-0

[Event "SV Hattingen 1 - SV Dinslaken 1"]
[Site "NRW-Klasse, Gruppe 1 2012/201"]
[Date "2013.03.10"]
[Round "7.1"]
[White "Trella, Thomas"]
[Black "De Vreugt, Dennis"]
[Result "1/2-1/2"]
[WhiteElo "2339"]
[BlackElo "2369"]
[PlyCount "21"]
[EventDate "2013.??.??"]
[WhiteTeam "SV Dinslaken 1"]
[BlackTeam "SV Hattingen 1"]

1. Nf3 d5 2. g3 g6 3. Bg2 Bg7 4. d4 Nf6 5. c4 c6 6. O-O O-O 7. b3 c5 8. Bb2
dxc4 9. bxc4 cxd4 10. Nxd4 Na6 11. Nd2 1/2-1/2

[Event "SV Hattingen 1 - SV Dinslaken 1"]
[Site "NRW-Klasse, Gruppe 1 2012/201"]
[Date "2013.03.10"]
[Round "7.2"]
[White "Jonkman, Harmen"]
[Black "Sielecki, Christof"]
[Result "1-0"]
[WhiteElo "2421"]
[BlackElo "2370"]
[PlyCount "93"]
[EventDate "2013.??.??"]
[WhiteTeam "SV Hattingen 1"]
[BlackTeam "SV Dinslaken 1"]

1. e4 e5 2. Nf3 Nc6 3. Bc4 Bc5 4. d3 Nf6 5. O-O a6 6. Bb3 Ba7 7. h3 d6 8. c3 h6
9. Be3 O-O 10. Nbd2 Re8 11. Re1 Bxe3 12. fxe3 Be6 13. d4 Bxb3 14. Qxb3 Rb8 15.
Rad1 Qe7 16. Rf1 Nd8 17. Nh4 exd4 18. exd4 Nxe4 19. Nf5 Qd7 20. d5 Nxd2 21.
Rxd2 Re5 22. Rdf2 f6 23. Qd1 Qf7 24. c4 b5 25. b3 Nb7 26. Rf4 Kh7 27. Qc2 g6
28. Nd4 f5 29. Nxf5 Qe8 30. Nd4 Re1 31. Ne6 Rxf1+ 32. Rxf1 Qe7 33. Qf2 c5 34.
dxc6 Qxe6 35. Qf7+ Qxf7 36. Rxf7+ Kg8 37. Rxb7 Rc8 38. c7 Kf7 39. cxb5 axb5 40.
a4 bxa4 41. bxa4 Ke6 42. a5 Kd7 43. a6 Kc6 44. Kf2 Rxc7 45. Rxc7+ Kxc7 46. Ke3
Kb6 47. Kd4 1-0

[Event "SV Hattingen 1 - SV Dinslaken 1"]
[Site "NRW-Klasse, Gruppe 1 2012/201"]
[Date "2013.03.10"]
[Round "7.3"]
[White "Kern, Guido"]
[Black "Jonker, Marc"]
[Result "1/2-1/2"]
[WhiteElo "2311"]
[BlackElo "2254"]
[PlyCount "35"]
[EventDate "2013.??.??"]
[WhiteTeam "SV Dinslaken 1"]
[BlackTeam "SV Hattingen 1"]

1. Nf3 d6 2. d4 Bg4 3. c4 Bxf3 4. exf3 e6 5. Nc3 Nd7 6. Be3 g6 7. Be2 Bg7 8.
Qd2 Ne7 9. h4 Nf5 10. Bg5 f6 11. Be3 c6 12. h5 d5 13. O-O-O Nxe3 14. Qxe3 Kf7
15. h6 Bf8 16. f4 f5 17. g4 Nf6 18. g5 1/2-1/2

[Event "SV Hattingen 1 - SV Dinslaken 1"]
[Site "NRW-Klasse, Gruppe 1 2012/201"]
[Date "2013.03.10"]
[Round "7.4"]
[White "Huette, Stefan"]
[Black "Mundorf, Johannes"]
[Result "0-1"]
[WhiteElo "2013"]
[BlackElo "2167"]
[PlyCount "98"]
[EventDate "2013.??.??"]
[WhiteTeam "SV Hattingen 1"]
[BlackTeam "SV Dinslaken 1"]

1. d4 e6 2. e4 d5 3. exd5 exd5 4. Bd3 c5 5. c3 Nf6 6. Ne2 Be7 7. O-O O-O 8. h3
Nc6 9. Be3 c4 10. Bc2 b5 11. Ng3 Re8 12. Qf3 b4 13. Re1 Rb8 14. Nd2 bxc3 15.
bxc3 Rb2 16. Rac1 Rxa2 17. Nxc4 dxc4 18. Qxc6 Be6 19. Qf3 Bd5 20. Qd1 Qa8 21.
f3 Qb8 22. Bb1 Rb2 23. Nf5 Bf8 24. Bg5 Bxf3 25. Rxe8 Nxe8 26. Qxf3 Rxb1 27. Rf1
Rxf1+ 28. Qxf1 Qb5 29. Qf4 a5 30. Qe4 a4 31. Be7 a3 32. Qa8 a2 33. Qxa2 Qxf5
34. Bxf8 Kxf8 35. Qxc4 g6 36. Qe2 Nd6 37. c4 Qe6 38. Qb2 Nxc4 39. Qb4+ Kg7 40.
Qc5 Ne3 41. Qc3 Nd5 42. Qb2 h5 43. Qa1 Qe3+ 44. Kh1 Qf2 45. Qa4 Nf4 46. Qa8 Ne2
47. Qa1 Qxd4 48. Qe1 Qe3 49. Qa1+ Qc3 0-1